00429nam a2200157Ia 4500008004100000020001800041041001200059082002400071100002200095245003000117250001200147260002500159300000800184400004900192650003000241231217s9999 xx 000 0 und d a81-297-1095-1 aEnglish a001.6424UNI ROC R aRochkind, Marc J. 0aAdvanced unix programming a2nd ed. c2004bPearsonaDelhi a729 aAddison-Wesley professional computing series aAdvanced,unix,programming